000 00689nam a2200253Ia 4500
003 OSt
005 20221006143557.0
006 a|||||r|||| 00| 0
007 ta
008 221006b |||||||| |||| 00| 0 eng d
020 _c2331.00
024 _a9,374
037 _cAnnuals, Advances
040 _aEASL
_cEASL
_beng
041 _2eng
_aeng
082 _aX.41.N91, N2
100 _aWRIGHT Tim Ed.
_9284990
245 0 _aChinese economy in the early twentieth century
260 _aGreat Britain
_bSt. Martin's Press
_c1992
300 _a220p.
_ccm.
490 _v CEL
942 _hX.41.N91, N2
_cREF
_2CC
999 _c1077460
_d1077460